00205nam a2200085Ia 4500008004100000100001000041245003800051260002100089260000900110170620s9999 xx 000 0 und d aQ & S 0aIndian Legal & Con. His. Of India bCentral Law Pub. c2001